| 000 | 00762nam a2200241 a 4500 | ||
|---|---|---|---|
| 001 | 47613 | ||
| 003 | BD-RjUL | ||
| 005 | 20211209054343.0 | ||
| 008 | 160809r19551953nyua 001 0 eng | ||
| 035 | _a(BD-RjUL)47732 | ||
| 040 |
_aDLC _cDLC _dBD-RjUL _beng |
||
| 041 | _aeng | ||
| 082 |
_223 _bHYE 1955 _a371.103 |
||
| 100 | 1 |
_aHymes, James L. _d1913 _9144694 |
|
| 245 | 1 | 0 |
_aEffective home-school relations; _cJames L. Hymes and Illustrated by Hal Doremus. |
| 260 |
_aNew York : _bPrentice-Hall, _c1953 [ Fifth printing 1955 ] |
||
| 300 |
_a264 p. : _bill. ; _c22 cm. |
||
| 490 | 0 | _aPrentice-Hall education series. | |
| 500 | _aIncludes index. | ||
| 650 | 0 |
_aHome and school. _9144695 |
|
| 830 |
_aPrentice-Hall education series. _9144697 |
||
| 942 |
_2ddc _cBK |
||
| 999 |
_c47613 _d47613 |
||